Characterization of fish assemblages according to trophic level and connectivity of gravel pit lakes from Ile de France region
Relationships between fish assemblages and environmental characteristics of water bodies are increasingly studied. Fish are a good bioindicator when it comes to evaluating and understanding the ecological status and functioning of lakes. The investigations carried out on the subject are quite recent...
Αποθηκεύτηκε σε:
| Κύριος συγγραφέας: | |
|---|---|
| Συλλογικό Έργο: | , |
| Μορφή: | Thesis Βιβλίο |
| Γλώσσα: | English |
| Δημοσίευση: |
2012.
|
| Θέματα: | |
| Διαθέσιμο Online: | http://hdl.handle.net/11610/25090 |
| Ετικέτες: |
Προσθήκη ετικέτας
Δεν υπάρχουν, Καταχωρήστε ετικέτα πρώτοι!
|
MARC
| LEADER | 00000cam a2200000 a 4500 | ||
|---|---|---|---|
| 001 | 1/108142 | ||
| 008 | 150826s2012####gr | ||| |||| ||eng|| | ||
| 040 | |a GR-MyUa |b gre |c GR-MyUa |e AACR2 | ||
| 041 | 0 | |a eng | |
| 082 | 7 | |a 597 |2 (23) | |
| 100 | 1 | |a Montagne, Sebastien. | |
| 245 | 1 | 0 | |a Characterization of fish assemblages according to trophic level and connectivity of gravel pit lakes from Ile de France region / |c Sebastien Montagne. |
| 260 | |c 2012. | ||
| 300 | |a 30 σ. ; |c 30 εκ. | ||
| 500 | |a Bureau d' etudes et d' ingenierie milieux aquatiques. | ||
| 502 | |a Διατριβή (μεταπτυχιακή) - Πανεπιστήμιο Montpellier II, France, 2012. | ||
| 502 | |a Διατριβή (μεταπτυχιακή) - Πανεπιστήμιο Αιγαίου, Λέσβος, 2012. | ||
| 502 | |a Master 2 : Ecologie & Biodiversite research project speciality: BIODIV "Biodiversity Conservation" | ||
| 504 | |a Περιλαμβάνει βιβλιογραφία και παράρτημα. | ||
| 506 | 0 | |a Ηλεκτρονική διάθεση στο πλήρες κείμενο - ελεύθερης πρόσβασης. | |
| 520 | 8 | |a Relationships between fish assemblages and environmental characteristics of water bodies are increasingly studied. Fish are a good bioindicator when it comes to evaluating and understanding the ecological status and functioning of lakes. The investigations carried out on the subject are quite recent and some types of lakes have not or have been insufficiently studied. The following is an analysis of fish communities, based on environmental variables from 21 gravel pit lakes, most of which are small (<20ha) and shallow. The use of multivariate statistical analyses, based on fish abundances obtained by standardized protocol and on quantitative environmental data, has generated encouraging results. Two fish assemblages have been identified and are responsive to different trophic levels of these lakes. The assemblage composed of perch (Perca fluviatilis), pumpkinseed (Lepomis gibbosus), pike (Esox lucius) and rudd (Scardinius erythrophtalmus), is dominant in lakes less loaded with organic matter, while the assemblage composed by zander (Sander Lucioperca), bream (Abramis brama and Blicca bjoerkna), ruffe (Gymnocephalus cernuus), and roach (Rutilus rutilus) is characteristic for lakes with a high trophic level. We have then used a comparative approach, highlighting the evolution of four fish descriptors according to different trophic levels and/or different lakes connectivities. These results appear to be significant clues which will allow a better approach in what the research continuity on this subject is concerned, because they helped to raise new thinking ways. In addition to descriptive studies, functional studies could supply new answers to the assessment of the ecological potential and to the management of these lakes | |
| 540 | |a Κλειδωμένη η δυνατότητα αντιγραφής (copy) από το ηλεκτρονικό αρχείο. | ||
| 650 | 0 | |a Fish populations |x Research. | |
| 650 | 0 | |a Fishes |x Ecology. | |
| 650 | 0 | |a Fishes |z France. | |
| 700 | 1 | |a Leprieur, Fabien, |e dgs | |
| 710 | 2 | |a Πανεπιστήμιο Αιγαίου. |b Σχολή Περιβάλλοντος. |b Ελληνογαλλικό Πρόγραμμα Μεταπτυχιακών Σπουδών Διατήρηση της Βιοποικιλότητας. | |
| 710 | 2 | |a Universite des sciences et techniques du Languedoc. | |
| 852 | |a INST |b LESVOS |c DIATR |e 20150826 |h 101 |p 005100058084 |q 005100058084 |t MTXE |y 23 | ||
| 852 | |a INST |b LESVOS |c DIATR |e 20150826 |h 102 |p 005100058083 |q 005100058083 |t MTXE |y 23 | ||
| 856 | |u http://hdl.handle.net/11610/25090 | ||
| 924 | |a Montagne |b Sebastien |y Λέσβος |z 2012-11 | ||
| 970 | |a Τζαφέρη |b Ευαγγελία |z 26-08-2015 | ||